000 00358nam a2200145Ia 4500
005 20250403041332.0
008 240331s9999 xx 000 0 und d
082 _bSUB
_a894
100 _aSubramaniam, A
245 0 _aNeethipathiyin mahan
260 _aColombo
_bShakthi enterprises
_c1999
300 _aXIII, 129 p .,
650 _aShort Stories
942 _cL
999 _c3810
_d3810